| 000 | 01279nam0a22002891 4500 | ||
|---|---|---|---|
| 001 | rc\579646 | ||
| 005 | 20250621172359.0 | ||
| 010 |
_a5-280-00380-8 _9100000 |
||
| 035 | _a(NLR Aleph) 005827405 | ||
| 090 |
_a5543789 _c5543789 |
||
| 100 | _a20031121d1988 |||y0rusy50 ca | ||
| 101 | 0 | _arus | |
| 102 | _aRU | ||
| 105 | _aa ||||||||| | ||
| 200 | 1 |
_aНабережная Цветов не отвечает _eРоманы _eПер. с фр. _fМалек Хаддад _g[Вступ. ст. С. Прожогиной] |
|
| 210 |
_aМ. _cХудож. лит. _d1988 |
||
| 215 |
_a270, [2] с. _cил. _d21 |
||
| 327 | 1 | _aСодерж.: Перевернутая страница; Я подарю тебе газель; Набережная Цветов не отвечает | |
| 464 | 0 |
_12001#$aПеревернутая страница _tПеревернутая страница |
|
| 464 | 0 |
_12001#$aЯ подарю тебе газель _tЯ подарю тебе газель |
|
| 464 | 0 |
_12001#$aНабережная Цветов не отвечает _tНабережная Цветов не отвечает |
|
| 700 | 1 |
_aХаддад _bМ. _f1927-1978 _gМалек |
|
| 801 | 0 |
_aRU _bNLR _gpsbo |
|
| 801 | 1 |
_aRU _bELAR _2rusmarc |
|
| 852 |
_aNLR _j88-3/13687 |
||
| 942 | _cBOOK | ||
| 980 | _aNB | ||